قضاء التحكيم : (Record no. 24778)
[ view plain ]
| 000 -الفاتح | |
|---|---|
| حقل البيانات ثابتة الطول | 02878nam a22003375a 4500 |
| 003 - محدد رقم الضبط | |
| رقم الضبط | OSt |
| 005 - وقت وتاريخ اخر تعامل مع التسجيلة | |
| رقم الضبط | 20170506130955.0 |
| 006 - عناصر البيانات ثابتة الطول - خصائص المادة الاضافية-معلومات عامة | |
| حقل البيانات ثابتة الطول | m||||fq||d 00| 0 |
| 008 - عناصر البيانات ثابتة الطول - معلومات عامة | |
| حقل البيانات ثابتة الطول | 170506s2010 ua frb 000 0 ara d |
| 015 ## - | |
| -- | 2010 / 23504 |
| 040 ## - مصدر الفهرسة | |
| وكالة الفهرسة الأصلية | EG-ScBUE |
| لغة الفهرسة | ara |
| وكالة النسخ | EG-ScBUE |
| 043 ## - رمز المنطقة الجغرافية | |
| رمز المنطقة الجغرافية | f-ua--- |
| 082 04 - رقم تصنيف ديوى العشرى | |
| رقم التصنيف | 347.6209 |
| رقم المادة | أ ب و |
| رقم الطبعة | 22 |
| 100 1# - المدخل الرئيسى - إسم شخصى | |
| الإسم الشخصى | أبو العينين، محمد ماهر. |
| 245 10 - بيان العنوان | |
| العنوان | قضاء التحكيم : |
| بقية العنوان | دراسة تحليلية لاتجاهات الفقه وأحكام المحكمة الدستورية العليا ومحكمة النقض والمحكمة الإدارية العليا ومحكمة القضاء الإداري ومحاكم الاستئناف في خصوص التحكيم الدولي والداخلي / |
| بيان المسئوليه,etc | محمد ماهر أبو العينين، عاطف محمد عبد اللطيف. |
| 260 ## - PUBLICATION, DISTRIBUTION, ETC. (IMPRINT) | |
| مكان الناشر او الموزع | الزقازيق، مصر : |
| اسم الناشر او الموزع | المجمع العربي القانوني، |
| تاريخ النشر أو التوزيع | 2010 |
| مكان الصناعة | (القاهرة : |
| المنتج | دار أبو المجد للطباعة) |
| 300 ## - الوصف المادى | |
| التعداد | 2 مج. ؛ |
| أبعاد الوعاء | 24 سم. + |
| المادة المصاحبة | 1 قرص مليزر. |
| 504 ## - تبصرة ببليوجرافية | |
| تبصرة ببليوجرافية,الخ | يشتمل على إرجاعات ببليوجرافية. |
| 505 0# - تبصرة محتويات-الفهرس | |
| تبصرة المحتويات المصاغة | مج. 1. أولا : اتفاق التحكيم : شروط صحة اتفاق التحكيم وصحة التراضي والأهلية للتحكيم وامتداد شرط التحكيم والمحل والسبب في اتفاق التحكيم - ثانيا : المحكم وهيئة التحكيم : شروط المحكم وهيئة التحكيم، تشكيل هيئة التحكيم، مسئولية المحكم - ثالثا : خصومة التحكيم : التنظيم الإجرائي لخصومة التحكيم، نطاق خصومة التحكيم، الدفوع أمام هيئة التحكيم، عوارض خصومة التحكيم -- مج. 2. رابعا : حكم التحكيم : شكل حكم التحكيم وإيداعه، ميعاد وإصدار الحكم، حجية الحكم وواستنفاذ ولاية المحكمة - خامسا : الطعن على حكم التحكيم في النظام المصري والمقارن - سادسا : تنفيذ حكم التحكيم الداخلي والدولي - سابعا : التحكيم في العقود الإدارية الداخلية والدولية. |
| 610 17 - المدخل الاضافى بالموضوع-اسم هيئة | |
| اسم الهيئة أو اسم السلطة كمدخل | مصر. |
| وحده ملحقة | المحكمة الدستورية العليا. |
| مصدر الرأس أو المصطلح | BUEsh |
| 9 (RLIN) | 41178 |
| 610 17 - المدخل الاضافى بالموضوع-اسم هيئة | |
| اسم الهيئة أو اسم السلطة كمدخل | مصر. |
| وحده ملحقة | محكمة النقض. |
| مصدر الرأس أو المصطلح | BUEsh |
| 9 (RLIN) | 40940 |
| 610 17 - المدخل الاضافى بالموضوع-اسم هيئة | |
| اسم الهيئة أو اسم السلطة كمدخل | مصر. |
| وحده ملحقة | المحكمة الإدارية العليا. |
| مصدر الرأس أو المصطلح | BUEsh |
| 9 (RLIN) | 41179 |
| 610 17 - المدخل الاضافى بالموضوع-اسم هيئة | |
| اسم الهيئة أو اسم السلطة كمدخل | مصر. |
| وحده ملحقة | محكمة القضاء الإداري. |
| مصدر الرأس أو المصطلح | BUEsh |
| 650 #7 - المدخل الاضافى بالموضوع-مصطلح موضوعى | |
| مصطلح موضوعي أو اسم جغرافي كعنصر مدخل | التحكيم (قانون المرافعات) |
| التقسيم الفرعي الجغرافي | مصر. |
| مصدر الرأس أو المصطلح | BUEsh |
| 650 #7 - المدخل الاضافى بالموضوع-مصطلح موضوعى | |
| مصطلح موضوعي أو اسم جغرافي كعنصر مدخل | التحكيم (فقه إسلامي) |
| مصدر الرأس أو المصطلح | BUEsh |
| 650 #7 - المدخل الاضافى بالموضوع-مصطلح موضوعى | |
| مصطلح موضوعي أو اسم جغرافي كعنصر مدخل | التحكيم الدولي. |
| مصدر الرأس أو المصطلح | BUEsh |
| 9 (RLIN) | 41124 |
| 651 ## - المدخل الاضافى بالموضوع - اسم جغرافى | |
| مصدر الرأس أو المصطلح | BUEsh |
| 653 ## - مصطلح تكشيفى غير مقيد | |
| Resource For college | Law |
| Arrived date list | May2017 |
| 700 1# - المدخل الاضافى - اسم شخصى | |
| الإسم الشخصى | عبد اللطيف، عاطف محمد. |
| 942 ## - عناصر المدخل الإضافي( كوها) | |
| مصدر التصنيف او مخطط الترفيف | Dewey Decimal Classification |
| حالة التراجع | حالة الفقد | مصدر التصنيف او خطة الترفيف | حالة تلف | ليس للاعارة | مجموعات كوها | المكان الدائم | المكان الحالي | موقع الترفيف | تاريخ الاكتساب | Source of acquisition | سعر الشراء الطبيعي | تعداد مسلسل / التسلسل الزمني | رقم الاستدعاء | الباركود | Date last checked out | Date last seen | مُعار | التكلفة | تبصرة غير عامة( المفوع للعناصر المفقوده) | نوع الوعاء | تبصرة عامة |
|---|---|---|---|---|---|---|---|---|---|---|---|---|---|---|---|---|---|---|---|---|---|
| Dewey Decimal Classification | Scientific_Group | Central Library | Central Library | First floor | 06/05/2017 | Purchase | 350.00 | 666 | 347.6209 أ ب و | 000046043 | 17/05/2026 | 15/03/2026 | 15/03/2026 | 437.50 | السعر للمجلدين + قرص مليزر | Book - Borrowing | مج. 1 | ||||
| Dewey Decimal Classification | Scientific_Group | Central Library | Central Library | First floor | 06/05/2017 | Purchase | 350.00 | 666 | 347.6209 أ ب و | 000046044 | 15/07/2025 | 01/06/2021 | 437.50 | السعر للمجلدين + قرص مليزر | Book - Borrowing | مج. 2 | |||||
| Dewey Decimal Classification | Scientific_Group | Central Library | Central Library | First floor | 06/05/2017 | Purchase | 350.00 | 666 | 347.6209 أ ب و | 000046045 | 24/08/2022 | 437.50 | السعر للمجلدين + قرص مليزر | CD | DVD - With book |